[Event "Hasselbacken op"]
[Site "Stockholm"]
[Date "2017.11.03"]
[Round "1"]
[White "Sjostrand, Joel"]
[Black "Lindgren, Philip"]
[Result "0-1"]
[WhiteElo "1871"]
[BlackElo "2382"]
[PlyCount "36"]
[EventDate "2017.11.03"]
[EventType "swiss"]
[EventRounds "8"]
[EventCountry "SWE"]
[SourceTitle "CBM 181 Extra"]
[Source "ChessBase"]
[SourceDate "2017.12.12"]
[SourceVersion "1"]
[SourceVersionDate "2017.12.12"]
[SourceQuality "1"]

1. c4 Nf6 2. g3 e6 3. Bg2 d5 4. Nf3 dxc4 5. 0-0 c5 6. Na3 Nc6 7. Nxc4 Be7 8. d3 0-0 9. Bd2 Bd7 10. Bc3 Nd5 11. Nfe5 Be8 12. Qb3 Qc7 13. Nxc6 Bxc6 14. Na5 Nxc3 15. Qxc3 Bxg2 16. Kxg2 Bf6 17. Qa3 Qe5 18. Nxb7 Qd5+ 0-1

[Event "Vaxjo Nordic zt"]
[Site "Vaxjo"]
[Date "2017.06.27"]
[Round "2"]
[White "Storme, Isak"]
[Black "Sjostrand, Joel"]
[Result "1-0"]
[WhiteElo "2129"]
[BlackElo "1890"]
[PlyCount "53"]
[EventDate "2017.06.26"]
[EventType "swiss"]
[EventRounds "9"]
[EventCountry "SWE"]
[SourceTitle "CBM 179 Extra"]
[Source "ChessBase"]
[SourceDate "2017.08.23"]
[SourceVersion "1"]
[SourceVersionDate "2017.08.23"]
[SourceQuality "1"]

1. Nf3 f5 2. g3 Nf6 3. Bg2 e6 4. 0-0 Be7 5. c4 d5 6. b3 0-0 7. Bb2 c5 8. cxd5 exd5 9. d4 b6 10. Nc3 Nc6 11. dxc5 bxc5 12. Ne1 Be6 13. Nd3 g5 14. Na4 Nd7 15. Rc1 Qa5 16. b4 Nxb4 17. Nxb4 cxb4 18. Rc6 Kf7 19. e4 Nf6 20. e5 Ng4 21. h3 Qb5 22. hxg4 Qxc6 23. gxf5 Rad8 24. Qh5+ Kg8 25. f6 Bc5 26. Qxg5+ Kf7 27. Nxc5 1-0

[Event "Vaxjo Nordic zt"]
[Site "Vaxjo"]
[Date "2017.06.26"]
[Round "1"]
[White "Sjostrand, Joel"]
[Black "Dragicevic, Drazen"]
[Result "0-1"]
[WhiteElo "1890"]
[BlackElo "2306"]
[PlyCount "40"]
[EventDate "2017.06.26"]
[EventType "swiss"]
[EventRounds "9"]
[EventCountry "SWE"]
[SourceTitle "CBM 179 Extra"]
[Source "ChessBase"]
[SourceDate "2017.08.23"]
[SourceVersion "1"]
[SourceVersionDate "2017.08.23"]
[SourceQuality "1"]

1. c4 Nf6 2. g3 c5 3. Bg2 d5 4. cxd5 Nxd5 5. Nc3 Nc7 6. Nf3 Nc6 7. 0-0 e5 8. d3 Be7 9. Be3 0-0 10. Qd2 Rb8 11. Ng5 Nd4 12. Nh3 b5 13. Rac1 Bb7 14. Ne4 f5 15. Neg5 Bxg2 16. Kxg2 Qd5+ 17. f3 h6 18. Bxd4 Qxd4 19. Qa5 Qd7 20. Qxa7 hxg5 0-1

[Event "Malmo op"]
[Site "Malmo"]
[Date "2016.12.17"]
[Round "3"]
[White "Sjostrand, Joel"]
[Black "Hoi, Carsten"]
[Result "1/2-1/2"]
[WhiteElo "1900"]
[BlackElo "2378"]
[PlyCount "109"]
[EventDate "2016.12.16"]
[EventType "swiss"]
[EventRounds "7"]
[EventCountry "SWE"]
[SourceTitle "CBM 176 Extra"]
[Source "ChessBase"]
[SourceDate "2017.03.02"]
[SourceVersion "1"]
[SourceVersionDate "2017.03.02"]
[SourceQuality "1"]

1. c4 g6 2. g3 Bg7 3. Bg2 e5 4. Nc3 Nc6 5. e4 d6 6. Nge2 Nf6 7. d3 0-0 8. 0-0 Nh5 9. f4 exf4 10. Nxf4 Nxf4 11. Bxf4 h6 12. Qd2 Kh7 13. Rae1 Be6 14. h3 Qd7 15. Kh2 Ne5 16. b3 c5 17. Nd5 Bxd5 18. cxd5 a5 19. h4 Qb5 20. Bxe5 Bxe5 21. Bh3 Qb4 22. Qc2 b5 23. h5 Qc3 24. Qe2 Qb2 25. Qxb2 Bxb2 26. Bd7 b4 27. Rf3 Rad8 28. Bg4 g5 29. Ref1 Kg7 30. Kg2 Bd4 31. Bh3 f6 32. Rb1 Rf7 33. Rff1 Ra7 34. Kf3 a4 35. Rfe1 axb3 36. axb3 Ra2 37. Re2 Rxe2 38. Kxe2 Ra8 39. Kf3 Ra2 40. Bf1 Rh2 41. Kg4 Be5 42. Kf3 Rd2 43. Be2 Bd4 44. g4 Rc2 45. Bf1 Rf2+ 46. Kg3 Rf4 47. Be2 Rf2 48. Bf1 Rc2 49. Kf3 Kf7 50. Be2 Ke7 51. Bf1 f5 52. exf5 Kf6 53. Re1 Be5 54. Rb1 Kf7 55. Be2 1/2-1/2

[Event "Stockholm All Saints op"]
[Site "Stockholm"]
[Date "2015.10.29"]
[Round "1"]
[White "Sjostrand, Joel"]
[Black "Ertan, Can"]
[Result "0-1"]
[WhiteElo "1866"]
[BlackElo "2191"]
[PlyCount "76"]
[EventDate "2015.10.29"]
[EventType "swiss"]
[EventRounds "7"]
[EventCountry "SWE"]
[SourceTitle "CBM 169 Extra"]
[Source "ChessBase"]
[SourceDate "2015.12.18"]
[SourceVersion "1"]
[SourceVersionDate "2015.12.18"]
[SourceQuality "1"]

1. c4 e5 2. g3 Nf6 3. Bg2 Bc5 4. Nf3 Nc6 5. Nc3 0-0 6. 0-0 Re8 7. d3 h6 8. a3 a5 9. b3 d6 10. Bb2 Bg4 11. h3 Be6 12. e3 Ba7 13. d4 exd4 14. exd4 d5 15. c5 Ne4 16. Nh4 f5 17. Ng6 Bf7 18. Nf4 b6 19. Nxe4 fxe4 20. cxb6 cxb6 21. Rc1 Rc8 22. h4 Qf6 23. Bh3 Rc7 24. b4 axb4 25. axb4 b5 26. Qd2 Rce7 27. Rc5 Bxc5 28. dxc5 d4 29. Re1 Rd8 30. Bg2 Qf5 31. Bh3 Ne5 32. Bxf5 Nf3+ 33. Kg2 Nxd2 34. Rd1 e3 35. fxe3 dxe3 36. c6 Be8 37. Be6+ Rxe6 38. Nxe6 Bxc6+ 0-1

[Event "Goteborg op"]
[Site "Molnlycke"]
[Date "2015.08.14"]
[Round "1"]
[White "Sjostrand, Joel"]
[Black "Westerberg, Jonathan"]
[Result "0-1"]
[WhiteElo "1877"]
[BlackElo "2464"]
[PlyCount "47"]
[EventDate "2015.08.14"]
[EventType "swiss"]
[EventRounds "8"]
[EventCountry "SWE"]
[SourceTitle "CBM 167 Extra"]
[Source "ChessBase"]
[SourceDate "2015.09.14"]
[SourceVersion "1"]
[SourceVersionDate "2015.09.14"]
[SourceQuality "1"]

1. c4 g6 2. g3 Bg7 3. Bg2 d6 4. Nc3 Nc6 5. Nf3 e5 6. e4 f5 7. d3 Nf6 8. 0-0 0-0 9. h3 h6 10. Be3 f4 11. gxf4 exf4 12. Bxf4 Nxe4 13. Qc1 g5 14. Nxe4 Rxf4 15. h4 Qf8 16. hxg5 Rxf3 17. gxh6 Bxh6 18. Ng5 Nd4 19. Re1 Rf5 20. Qe3 Rxg5 21. Qxd4 Bh3 22. Qh4 Rxg2+ 23. Kh1 Qf3 24. Re3 0-1

[Event "Palanga Baltija op-A"]
[Site "Palanga"]
[Date "2014.06.19"]
[Round "6"]
[White "Jazdanovs, Aleksandrs"]
[Black "Sjostrand, Joel"]
[Result "0-1"]
[WhiteElo "1652"]
[BlackElo "1959"]
[PlyCount "40"]
[EventDate "2014.06.16"]
[EventType "swiss"]
[EventRounds "9"]
[EventCountry "LTU"]
[SourceTitle "CBM 161 Extra"]
[Source "ChessBase"]
[SourceDate "2014.08.29"]
[SourceVersion "1"]
[SourceVersionDate "2014.08.29"]
[SourceQuality "1"]

1. Nf3 f5 2. g3 Nf6 3. Bg2 e6 4. 0-0 d5 5. d3 c5 6. Nbd2 Nc6 7. c3 Bd6 8. Qc2 0-0 9. Re1 Qc7 10. e4 f4 11. exd5 exd5 12. Nf1 Bg4 13. Bd2 fxg3 14. hxg3 Qd7 15. Bg5 Bh3 16. Bxf6 Rxf6 17. Re2 Bxg2 18. Kxg2 Raf8 19. N1h2 Rh6 20. Ng5 Be7 0-1

[Event "Palanga Baltija op-A"]
[Site "Palanga"]
[Date "2014.06.17"]
[Round "2"]
[White "Gucagaite, Gabriele"]
[Black "Sjostrand, Joel"]
[Result "1/2-1/2"]
[WhiteElo "1632"]
[BlackElo "1959"]
[PlyCount "45"]
[EventDate "2014.06.16"]
[EventType "swiss"]
[EventRounds "9"]
[EventCountry "LTU"]
[SourceTitle "CBM 161 Extra"]
[Source "ChessBase"]
[SourceDate "2014.08.29"]
[SourceVersion "1"]
[SourceVersionDate "2014.08.29"]
[SourceQuality "1"]

1. f4 d5 2. g3 f5 3. Bg2 Nf6 4. Nf3 c5 5. d4 e6 6. e3 Nc6 7. Nbd2 Be7 8. 0-0 0-0 9. c3 Bd7 10. Nb3 c4 11. Nbd2 b5 12. Ne5 Qc7 13. Ndf3 Ne4 14. Bd2 a5 15. Nxc6 Bxc6 16. Ne5 b4 17. Bxe4 dxe4 18. Qe2 Bd5 19. g4 Bd6 20. h4 Bxe5 21. fxe5 Qe7 22. g5 g6 23. Qe1 1/2-1/2

[Event "Stockholm All Saints op"]
[Site "Stockholm"]
[Date "2013.11.03"]
[Round "7"]
[White "Ask, Josef"]
[Black "Sjostrand, Joel"]
[Result "1-0"]
[WhiteElo "2195"]
[BlackElo "1976"]
[PlyCount "43"]
[EventDate "2013.10.31"]
[EventType "swiss"]
[EventRounds "7"]
[EventCountry "SWE"]
[SourceTitle "EXT 2014"]
[Source "ChessBase"]
[SourceDate "2013.11.20"]
[SourceVersion "1"]
[SourceVersionDate "2013.11.20"]
[SourceQuality "1"]

1. e4 d6 2. d4 Nf6 3. f3 e5 4. Ne2 Be7 5. Be3 c6 6. Qd2 Nbd7 7. g4 h6 8. Ng3 exd4 9. Bxd4 Ne5 10. Be2 Be6 11. Nc3 c5 12. Be3 Bc4 13. Nf5 Bf8 14. f4 Bxe2 15. fxe5 Bf3 16. exf6 Bxh1 17. fxg7 Bxg7 18. Nxg7+ Kf8 19. Nf5 h5 20. Bh6+ Kg8 21. Bg5 Qb6 22. Bf6 1-0

[Event "Stockholm All Saints op"]
[Site "Stockholm"]
[Date "2013.10.31"]
[Round "2"]
[White "Eriksson, Jorgen"]
[Black "Sjostrand, Joel"]
[Result "1-0"]
[WhiteElo "2223"]
[BlackElo "1976"]
[PlyCount "96"]
[EventDate "2013.10.31"]
[EventType "swiss"]
[EventRounds "7"]
[EventCountry "SWE"]
[SourceTitle "EXT 2014"]
[Source "ChessBase"]
[SourceDate "2013.11.20"]
[SourceVersion "1"]
[SourceVersionDate "2013.11.20"]
[SourceQuality "1"]

1. d4 f5 2. c4 Nf6 3. g3 e6 4. Bg2 d5 5. Nf3 Bd6 6. b3 0-0 7. 0-0 c6 8. Ba3 b6 9. Qc1 Qe7 10. Bxd6 Qxd6 11. Qf4 Qxf4 12. gxf4 Ba6 13. Rc1 Nbd7 14. Ne5 Rac8 15. Nxd7 Nxd7 16. Nd2 h6 17. Nf3 Kh7 18. e3 Rg8 19. h4 Nf6 20. Ne5 g5 21. hxg5 hxg5 22. fxg5 Rxg5 23. f4 Rg7 24. Kf2 Ng4+ 25. Nxg4 Rxg4 26. Rh1+ Kg7 27. Bf3 Rg6 28. Rac1 dxc4 29. bxc4 c5 30. d5 exd5 31. Bxd5 Rh8 32. Rxh8 Kxh8 33. e4 fxe4 34. Bxe4 Rf6 35. Ke3 Rh6 36. Bd5 Bc8 37. Rg1 Be6 38. Ke4 Bd7 39. Rg8+ Kh7 40. Ra8 Kg6 41. Rxa7 Bh3 42. Ke5 Rh5+ 43. Kd6 Kf5 44. Rf7+ Kg4 45. Be6+ Kf3 46. Bxh3 Rxh3 47. Kc6 Rh6+ 48. Kb5 Rh2 1-0